<?xml version="1.0" encoding="UTF-8"?><?xml-stylesheet type="text/xsl" href="static/style.xsl"?><OAI-PMH xmlns="http://www.openarchives.org/OAI/2.0/" xmlns:xsi="http://www.w3.org/2001/XMLSchema-instance" xsi:schemaLocation="http://www.openarchives.org/OAI/2.0/ http://www.openarchives.org/OAI/2.0/OAI-PMH.xsd"><responseDate>2026-04-29T05:13:48Z</responseDate><request verb="GetRecord" identifier="oai:riubu.ubu.es:10259/8692" metadataPrefix="marc">https://riubu.ubu.es/oai/request</request><GetRecord><record><header><identifier>oai:riubu.ubu.es:10259/8692</identifier><datestamp>2024-05-14T11:49:34Z</datestamp><setSpec>com_10259_5786</setSpec><setSpec>com_10259_5086</setSpec><setSpec>com_10259_2604</setSpec><setSpec>col_10259_5787</setSpec></header><metadata><record xmlns="http://www.loc.gov/MARC21/slim" xmlns:doc="http://www.lyncode.com/xoai" xmlns:xsi="http://www.w3.org/2001/XMLSchema-instance" xmlns:dcterms="http://purl.org/dc/terms/" xsi:schemaLocation="http://www.loc.gov/MARC21/slim http://www.loc.gov/standards/marcxml/schema/MARC21slim.xsd">
<leader>00925njm 22002777a 4500</leader>
<datafield tag="042" ind1=" " ind2=" ">
<subfield code="a">dc</subfield>
</datafield>
<datafield tag="720" ind1=" " ind2=" ">
<subfield code="a">Hernando Garijo, Alejandra</subfield>
<subfield code="e">author</subfield>
</datafield>
<datafield tag="720" ind1=" " ind2=" ">
<subfield code="a">Hortigüela Alcalá, David</subfield>
<subfield code="e">author</subfield>
</datafield>
<datafield tag="720" ind1=" " ind2=" ">
<subfield code="a">Pérez Pueyo, Ángel</subfield>
<subfield code="e">author</subfield>
</datafield>
<datafield tag="260" ind1=" " ind2=" ">
<subfield code="c">2023-10</subfield>
</datafield>
<datafield tag="520" ind1=" " ind2=" ">
<subfield code="a">La Educación Física (EF), debido a la motivación intrínseca que genera en el estudiante, puede ser una asignatura idónea para el aprendizaje de una segunda lengua. El objetivo del estudio fue analizar la percepción de una docente de EF y de sus estudiantes sobre la adquisición del idioma y de los contenidos de la materia. Participa una docente que imparte EF en inglés y castellano, así como 80 estudiantes de dos cursos de la ESO (38 en grupos bilingües y 42 en no bilingües). Se utilizó un enfoque cualitativo en el que se emplearon tres instrumentos de recogida de datos: entrevistas semiestructuradas, diarios de registro y grupos de discusión. Se establecieron tres categorías de análisis: a) Adquisición del idioma; b) Contenidos curriculares de EF; c) Dificultad de la materia. Los resultados muestran cómo la formación sobre metodología CLIL resulta un aspecto clave en la enseñanza de la EF en inglés, no reduciendo el aprendizaje de los contenidos curriculares. Los grupos bilingües, especialmente los de cursos inferiores, manifiestan una mayor dificultad por ser impartida en inglés.</subfield>
</datafield>
<datafield tag="520" ind1=" " ind2=" ">
<subfield code="a">Physical  Education  (PE),  due  to  the  intrinsic  motivation  it  generates  in  students, can be an ideal subject for learning a second language. The aim of the study was  to  analyse  the  perception  of  a  PE  teacher  and  her  students  on  the  acquisition  of  language  and  subject  content.  A  teacher  who  teaches  PE  in  English  and  Spanish  and  80  students  from  two  years  of  ESO  (38  in  bilingual  and  42  in  non-bilingual  groups)  took part in the study. A qualitative approach was used, employing three data collection instruments: semi-structured interviews, logbooks and focus groups. Four categories of analysis were established: a) Language acquisition; b) EF curriculum content; c) Subject difficulty. The results show that training in CLIL methodology is a key aspect in the teaching of PE in English, not reducing the learning of the curricular content. The bilingual groups, despite showing greater involvement in the subject, show greater difficulty because it is taught in English.</subfield>
</datafield>
<datafield tag="024" ind2=" " ind1="8">
<subfield code="a">1697-7467</subfield>
</datafield>
<datafield tag="024" ind2=" " ind1="8">
<subfield code="a">http://hdl.handle.net/10259/8692</subfield>
</datafield>
<datafield tag="024" ind2=" " ind1="8">
<subfield code="a">10.30827/portalin.viVII.29161</subfield>
</datafield>
<datafield tag="024" ind2=" " ind1="8">
<subfield code="a">2695-8244</subfield>
</datafield>
<datafield ind1=" " ind2=" " tag="653">
<subfield code="a">Educación Física</subfield>
</datafield>
<datafield ind1=" " ind2=" " tag="653">
<subfield code="a">Inglés</subfield>
</datafield>
<datafield ind1=" " ind2=" " tag="653">
<subfield code="a">CLIL</subfield>
</datafield>
<datafield ind1=" " ind2=" " tag="653">
<subfield code="a">Bilingüismo</subfield>
</datafield>
<datafield ind1=" " ind2=" " tag="653">
<subfield code="a">Physical Education</subfield>
</datafield>
<datafield ind1=" " ind2=" " tag="653">
<subfield code="a">English</subfield>
</datafield>
<datafield ind1=" " ind2=" " tag="653">
<subfield code="a">CLIL</subfield>
</datafield>
<datafield ind1=" " ind2=" " tag="653">
<subfield code="a">Bilingualism</subfield>
</datafield>
<datafield tag="245" ind1="0" ind2="0">
<subfield code="a">Incidencia de la metodología CLIL en la adquisición del idioma y en los contenidos de Educación Física</subfield>
</datafield>
</record></metadata></record></GetRecord></OAI-PMH>